[Event "SMM Aufstiegskampf NLB Ost"]
[Site "Riehen"]
[Date "2002.10.20"]
[Round "?.1"]
[White "Danner, Georg"]
[Black "Nemet, Ivan"]
[Result "0-1"]
[WhiteElo "2370"]
[BlackElo "2429"]
[Annotator "Herbrechtsmeier,Christof"]
[PlyCount "80"]
[EventDate "2002.10.21"]
[WhiteTeam "Rössli Reinach"]
[BlackTeam "Riehen"]

1. d4 Nf6 2. c4 c5 3. d5 b5 4. cxb5 a6 5. bxa6 g6 6. Nc3 Bxa6 7. Nf3 Bg7 8. e4
Bxf1 9. Kxf1 O-O 10. g3 d6 11. Kg2 Nbd7 12. Re1 (12. h3) 12... Ra6 (12... Nb6
$5 13. Re2 Qd7 14. Qd3 Na4 15. Rb1 Rfc8 16. h3 c4 17. Qc2 Nc5 {
Salov-Tseshkovsky/Minsk ch-SU/1987 (29)}) (12... Ng4 {ist ein anderer Plan})
13. Re2 (13. e5 $5 $146 dxe5 14. Nxe5 Nxe5 15. Rxe5 Qd7 (15... Rd6 {/\e6} 16.
Qf3 $14) 16. Qe2 (16. Qf3 $142 $5 Rb8 (16... Ng4 17. Re2 Ne5 18. Qe4 {/\Bf4|^})
17. Re2 {/\Bf4+/=}) 16... Ra7 17. Qc4 $6 (17. Qf3 $142 {/\Re2}) 17... Qb7 $1
18. Kg1 $8 Rd8 $1 {1-0 Stohl,I-Zueger,B/Prague 1996/CBM 54/[Stohl] (25)}) ({
Ueblich ist} 13. h3 Qa8 14. Bg5 h6 15. Bd2 e6 16. dxe6 fxe6 $13) 13... Qa8 14.
Bg5 (14. Bf4 h6 $5 {/\15...g6-g5, 16...e7-e6} 15. Qd2 (15. h4 Ng4) (15. h3 $142
) 15... g5 16. Be3 (16. Bxg5 $6 hxg5 17. Qxg5 e6) 16... e6 $1 17. h4 Nxe4 $1 {
0-1 Gyimesi,Z-Solozhenkin,E/Matarushka Banya 1997/CBM 62/[Solozhenkin] (31)})
14... h6 (14... Rb8 15. Rc1 Kf8 (15... h6 16. Bxf6 Bxf6 17. Qd2 Kh7 18. b3 c4
19. bxc4 Rb4 20. e5 Nxe5 21. Ne4 Raa4 {
1/2-1/2 Gurevich,M-Stojanovski,D/Ohrid 2001/CBM 84 (34)}) 16. Rcc2 Ne8 17. Qd2
{Stohl: 'White has achieved the ideal setup.'} 17... Nc7 18. Bh6 {
1-0 Dubinka,I-Abramov,V/St Petersburg 1999/CBM 74 (41)}) 15. Bxf6 $5 (15. Bd2
e6 $13 (15... Rb8 $44)) 15... Nxf6 $146 (15... Bxf6 16. Qd2 Bg7 17. Rc1 {
White has managed to stabilize his [+], but at the cost of the important
dark-squared B.} 17... Rb6 (17... Rb8 $142 18. b3 Ra3 $132) 18. b3 Rb4 19. Rc2
(19. Na4 $5 $14 {/\Qd3, Rec2, Nd2-c4 A similar regrouping was once
successfully used by Karpov to contain Black's << play.;Karpov,A-Gelfand,B/
Candidats FIDE f1 1995 (6)/1-0}) 19... Nb6 20. Qd3 f5 $5 {
A double-edged and risky break.} ({Solid, but less enterprising was} 20... c4
21. bxc4 Nxc4 22. Nd1 Qa4 $44) 21. e5 (21. exf5 Bxc3 (21... Rxf5 22. Rxe7 Nxd5
23. Nxd5 Qxd5 24. Qxd5+ Rxd5 25. Rce2 $16) 22. Rxc3 Rxf5 $5 {/\} (22... Nxd5
23. Re6 Nxc3 (23... gxf5 24. Rc4 $40) 24. Rxg6+ Kf7 25. Qxc3 $44) 23. Rxe7 Nxd5
24. Re6 Kf7 $1 25. Rxd6 Nxc3 26. Qxc3 Rd4 $15) 21... g5 $1 {
1/2-1/2 Huzman,A-Avrukh,B/Ramat Aviv/Modiin 2000/CBM 81/[Stohl] (58)}) 16. Rc1
(16. e5 Nd7 17. e6 Nb6 18. exf7+ Rxf7 19. Qd3 g5) 16... e6 $1 17. Qd3 (17. dxe6
fxe6 18. Qb3 d5 19. exd5 exd5) 17... exd5 18. exd5 Rb6 19. Rcc2 (19. Rce1 Re8
20. b3 (20. Rxe8+ Nxe8) 20... Rxe2 21. Rxe2 Ne8 $1 (21... Rb8) (21... Ng4) 22.
Re7 Bf6) 19... Rfb8 20. b3 Rb4 (20... Ne8 $5 21. Re7 (21. Na4 Rb4) 21... Bf6
22. Rd7 Bxc3 23. Qxc3 Qxd5) 21. h3 (21. Re7) 21... Rd8 22. Rcd2 Nd7 23. Nb5 Nb6
24. Re7 (24. a3 c4 25. bxc4 Rxc4) 24... c4 $5 (24... Nxd5 25. Ra7 Qc6 26. Qxd5
Qxd5 27. Rxd5 Rxb5 28. Nd2) (24... Qxd5 25. Qe3 Qc6 26. Na7 $1 Qa8 27. Rxd6)
25. bxc4 Nxc4 {Diagramm #} 26. Rde2 $4 (26. a3 $142 Rxb5 (26... Nb2 $2 27. Qe2
Rb3 28. Nfd4) 27. Qxc4 Rb7 28. Rxb7 Qxb7 29. Nd4 $16) 26... Nb2 27. Qe3 Rxb5
$19 28. Rxf7 Rf8 $2 $138 (28... Kxf7 29. Qe6+ Kf8 30. Re4 (30. Nh4 Qxd5+) 30...
Rxd5 $1 (30... g5 $2 31. Nh4 $1) 31. Nh4 Rg5 32. Kh2 (32. f4 Be5 $1) 32... Nd3
$1 33. f4 Nc5) 29. Rxf8+ $2 $138 (29. Rxg7+ $142 $1 Kxg7 30. Qd4+ Kg8 31. Re6
Rb7 (31... Qxd5 $2 32. Rxg6+ Kf7 33. Rg7+) 32. Rxg6+ Kh7 33. Rxd6 Rf5 34. Qe4
Qf8 35. Re6 Kg7) 29... Kxf8 $2 (29... Qxf8 30. Qe6+ Qf7 31. Qxd6 Nd3 32. Re7
Bf8 (32... Qf5 33. Qc7 Bf8 34. d6) 33. Rxf7 Bxd6 34. Rf6 Rxd5 35. Rxg6+ Kh7)
30. Qe7+ $2 (30. Qe6 $142 $1 $18 Qd8 (30... Rxd5 31. Rc2) 31. Nh4 Bf6 32. Nxg6+
Kg7 33. Nf4 Kf8 34. Qf5) 30... Kg8 31. Qxd6 Kh7 32. Re7 Rb7 33. Qc6 Ra7 34.
Rxa7 Qxa7 35. Nh4 Qf7 36. d6 $6 (36. Nf3 Nd3 37. a4 $5 (37. Qb5 Qf5) 37... Qa7
38. Qc2 Nb4 39. Qc4) 36... Nd3 37. f4 $2 (37. Qb6 g5 38. Nf3 Qd5) (37. d7 Qxf2+
38. Kh1 Qe1+ 39. Kh2 Qd2+ 40. Qg2 Qxg2+ 41. Kxg2 Bf6 42. Nf3 Kg7) 37... Qxa2+
$19 38. Kf3 (38. Kh1 Nf2+ 39. Kg1 Nxh3+ 40. Kh1 Nf2+) 38... Qf2+ 39. Ke4 Qe2+
40. Kd5 Nb4+ 0-1

[Event "SMM Aufstiegskampf NLB Ost"]
[Site "Riehen"]
[Date "2002.10.20"]
[Round "?.2"]
[White "Hickl, Joerg"]
[Black "Mohr, Stefan"]
[Result "1/2-1/2"]
[WhiteElo "2605"]
[BlackElo "2400"]
[Annotator "Herbrechtsmeier,Christof"]
[PlyCount "67"]
[EventDate "2002.10.21"]
[WhiteTeam "Riehen"]
[BlackTeam "Rössli Reinach"]

1. g3 g6 2. Bg2 Bg7 3. c4 e5 4. Nc3 d6 5. d3 Nc6 6. Rb1 f5 7. Nf3 Nf6 8. O-O h6
9. b4 O-O 10. b5 Ne7 11. Qb3 (11. c5 $6 Be6 12. Ba3 g5 $1 (12... b6 13. cxd6
cxd6 14. e4 g5 15. exf5 Nxf5 16. h3 Rc8 17. Rc1 Qd7 18. Qd2 $13 {
Ballmann,M-Klauser,M  Lenk 1991  EXP/24}) 13. cxd6 cxd6 14. Qa4 Rf7 15. Rbc1
Bf8 16. Nd2 Ng6 17. Nc4 d5 18. Na5 Qb6 19. Bxf8 Raxf8 20. Qb4 f4 21. Na4 Qd8
22. b6 a6 23. a3 h5 $36 {Georges,S-Lukasiewicz,G  Bern op 1991  EXP/21}) (11.
Ba3 Be6 12. Nd2 Rb8 13. Qa4 $146 (13. Qb3 Qd7 14. Nd5 b6 15. Nb4 Rf7 16. Bb2 {
1-0 Radjabov,T-Papp,G/Murek 1998/ (32)}) 13... Nd7 14. Bb4 (14. Qxa7 $2 Ra8 15.
Qxb7 Rxa3 $19) 14... Nc8 15. Qc2 g5 16. Nd5 Nc5 {
1-0 Markowski,T-Kuczynski,R/Plock 2000/CBM 78/[Konikowski] (61)}) (11. Nd2 $5
g5 12. Qb3 (12. a4 Rb8 13. Ba3 b6 14. Qb3 Be6 15. Rbc1 Kh8 16. Bb2 f4 17. Nd5
Nf5 18. Ne4 {1-0 Hickl,J-Hamdouchi,H/Fuerth 1998/EXT 99 (47)}) 12... Kh8 13.
Ba3 c5 14. bxc6 bxc6 15. Qa4 (15. Bb4 Ne8 16. Qa4 a5 17. Ba3 e4 18. Bb2 exd3
19. exd3 Bd7 20. Qa3 a4 21. Ne2 {
1-0 Hickl,J-Nagendra,R/Bad Wildbad 1993/TD (42)}) 15... Qc7 16. Rfc1 Nd7 17.
Nb3 a5 18. Nb5 {1-0 Navarovszky,L-Ozsvath,A/Budapest 1973/EXT 2002 (42)}) (11.
a4 Be6 $5 (11... g5 12. Ba3 $5 (12. Qc2 f4 13. Ba3 Nf5 14. a5 Qe8 15. c5 $14 {
Liebert-Knaak  Zinnowitz 1971}) (12. a5 Be6 13. Nd2 Rb8 14. Ba3 b6 15. Bb4 g4
16. Ra1 h5 17. axb6 axb6 18. e3 f4 $1 {
0-1 Plachetka,J-Sokolov,I/Stary Smokovec 1991/CBM 26/[Ribli] (42)}) (12. Nd2
Rb8 13. Ba3 Be6 $13 {Raicevic-Minic  Sombor 1974  18/39}) (12. c5 Be6 13. cxd6
$6 (13. Ba3 $5) 13... cxd6 14. Nd2 Rc8 15. Bb2 d5 $13 {
0-1 Abramovic,B-Drasko,M/Podgorica 1993/CBM 36/[Ribli] (40)}) 12... Rf7 (12...
Ng6 13. Nd2 Re8 14. a5 Rb8 15. Nd5 Nxd5 16. cxd5 b6 17. Qc2 Bd7 {
1-0 Beim,V-Tringov,G/Tivat 1995/EXT 2002 (50)}) 13. a5 Ng6 14. Qb3 Bf8 15. Rfd1
Rb8 16. d4 $1 e4 17. Ne5 $1 {
Ribli. 1-0 Ye Rongguang-Afifi,A/Manila 1990/CBM 19/[Ribli] (47)}) 12. Ba3 (12.
Nd2 d5 $1) 12... Rc8 13. Nd2 b6 14. e3 g5 15. d4 exd4 16. exd4 f4 17. Re1 Bg4
$1 {0-1 Psakhis,L-Kasparov,G/Murcia 1990/CBM 20/[Ribli] (30)}) 11... Be6 12.
Nd2 Qc8 (12... Rb8 13. Qa3 Nc8 14. Bb2 Qd7 15. c5 d5 16. Nf3 e4 17. c6 {
1-0 Hickl,J-Feletar,D/Pula 2000/CBM 77 (35)}) (12... c6 13. Ba3 g5 14. bxc6
bxc6 15. Qa4 Qd7 16. Rb3 Rab8 17. Rfb1 Rxb3 18. Rxb3 Rc8 {
1-0 Zifroni,D-Movsziszian,K/Tel Aviv 2001/CBM 81 ext (77)}) 13. a4 (13. Qb4 Rf7
14. a4 f4 15. Nde4 Bh3 16. Nxf6+ Bxf6 17. Nd5 Bxg2 18. Nxe7+ Bxe7 19. Kxg2 Qe6
{1/2-1/2 Kurcubic,A-Cabrilo,G/Nis 1994/EXT 97 (39)}) 13... Rb8 14. Bb2 c5 $1
15. Nd5 Qd7 16. f4 exf4 17. gxf4 Rbe8 (17... Nexd5 18. cxd5 Bf7 19. e4) 18.
Rbe1 Nh7 19. Bxg7 Kxg7 20. e3 Bxd5 21. cxd5 g5 22. Qd1 (22. fxg5 hxg5 23. Nc4
Nf6) 22... Nf6 23. e4 fxe4 24. dxe4 (24. fxg5 hxg5 25. Nxe4 Nexd5) 24... gxf4
25. Rxf4 Ng6 26. Rf3 Re5 27. Bh3 Rg5+ 28. Kh1 Qe7 29. Be6 Ne5 30. Rf5 Nh7 31.
Rxf8 $6 (31. Nf3) 31... Nxf8 32. Bf5 Nfg6 33. Rf1 Nh4 {=} 34. Be6 $2 {=} (34.
Bh3 $142) (34. Be6 $2 Rg2 $17 35. Bh3 Qg5 36. Rg1 (36. Nb3 b6) 36... Rxg1+ 37.
Qxg1 Qxg1+ 38. Kxg1 Nhf3+ (38... c4) 39. Nxf3 Nxf3+ 40. Kf2 Nd2 (40... Ng5 41.
Bf5 Kf6 42. Ke3 Ke5 43. h4 Nf7 44. Bc8 b6 45. Bg4) 41. Ke3 Nc4+ 42. Kf4 Kf6 43.
Bg4 Nb2 44. a5 b6 45. axb6 axb6 46. Be2 c4 47. Ke3 Ke5 48. h3 (48. h4 c3 49. h5
c2 50. Kd2 Kxe4 51. Kxc2 Ke3 $19) 48... c3 49. h4 Na4 50. Bd1 Nc5 51. Bc2 h5
$19) 1/2-1/2

[Event "SMM Aufstiegskampf NLB Ost"]
[Site "Riehen"]
[Date "2002.10.20"]
[Round "?.3"]
[White "Pinter, Jozsef"]
[Black "Siegel, Georg"]
[Result "1-0"]
[WhiteElo "2543"]
[BlackElo "2443"]
[Annotator "Herbrechtsmeier,Christof"]
[PlyCount "91"]
[EventDate "2002.10.21"]
[WhiteTeam "Rössli Reinach"]
[BlackTeam "Riehen"]

1. d4 d5 2. c4 e6 3. Nc3 Be7 4. Nf3 Nf6 5. cxd5 exd5 6. Bg5 c6 7. Qc2 g6 8. e3
Bf5 9. Bd3 Bxd3 10. Qxd3 Nbd7 11. Bh6 Ng4 (11... Bf8 $5 12. Bxf8 Kxf8 13. b4
Kg7 14. O-O Qe7 15. Qc2 $5 (15. b5 Rhc8 $1 $132 {/\ c5}) 15... Rhe8 16. b5 cxb5
17. Qb3 (17. Nxb5 Rec8 18. Qb3 a6 19. Nc3 Qd6 20. Rfc1 Rc7 $132 {<->c}) 17...
Qe6 $1 {0-1 Rogers,I-Gurevich,M/Biel 1993/CBM 37/[Gurevich,M] (95)}) 12. Bf4
O-O 13. O-O Nb6 (13... Re8 14. e4 dxe4 15. Nxe4 Ndf6 16. Nc3 Nd5 17. Be5 Bf6 {
0-1 Rajkovic,D-Kurajica,B/Zagreb 1977/MCD (25)}) 14. h3 Nf6 15. Ne5 (15. b3 Re8
16. Qc2 a5 17. Qb2 Bd6 18. Bxd6 Qxd6 19. Ne5 {
1/2-1/2 Seirawan,Y-Khalifman,A/Bali 2000/CBM 77 (21)}) 15... Nfd7 (15... Re8
16. Bg5 (16. Rab1 a5 17. a3 {1-0 Kiriakov,P-Koniushkov,I/Sochi 1997/EXT 99 (47)
}) 16... Ne4 17. Bxe7 Qxe7 18. Qc2 Nd6 {
0-1 Bobotsov,M-Petrosian,T/Lugano 1968/MCD (41)}) 16. Nf3 Nf6 17. Rfe1 Re8 18.
Qc2 Ne4 (18... Bd6) 19. a4 a5 20. Qb3 Ra6 $6 (20... Bb4 21. Reb1 Qe7 22. Na2
Nc4 23. Nxb4 axb4) 21. Rec1 Bd6 22. Nxe4 Rxe4 23. Bxd6 Qxd6 24. Ne5 Qc7 25. f3
(25. g3) 25... Rh4 26. Qc2 Nd7 27. Qf2 Rh5 28. Nd3 Rf5 29. Qh4 Nf8 (29... Rf6
30. e4 (30. Nc5 Nxc5 31. Qxf6 Nb3) 30... dxe4 31. fxe4 Re6 32. e5 $14) 30. Ra3
Ra8 31. Ne5 Rh5 32. Qf2 Re8 33. Rb3 Nd7 34. Nd3 Rf5 35. Qd2 h5 $6 (35... Kg7
$14) 36. Nf2 Rf6 37. e4 dxe4 $2 (37... Rfe6 $142) 38. fxe4 b6 39. e5 $1 Rfe6
40. Ne4 $16 c5 (40... f5 41. Ng5 R6e7 42. Rbc3) 41. Qh6 $18 Qc6 42. Ng5 Nf8 43.
Rf3 R6e7 44. Rcf1 Qxa4 45. Nxf7 Qxd4+ 46. Kh1 1-0

[Event "SMM Aufstiegskampf NLB Ost"]
[Site "Riehen"]
[Date "2002.10.20"]
[Round "?.4"]
[White "Allemann, Anton"]
[Black "Toth, Bela"]
[Result "1/2-1/2"]
[WhiteElo "2231"]
[BlackElo "2380"]
[Annotator "Herbrechtsmeier,Christof"]
[PlyCount "52"]
[EventDate "2002.10.21"]
[WhiteTeam "Riehen"]
[BlackTeam "Rössli Reinach"]

1. e4 e5 2. Nf3 Nf6 3. Nc3 Nc6 4. g3 {Wahls: 'Das `Glek-System`hat seinem
Hauptprotagonisten bislang eine ganze Reihe schoener Erfolge beschert'} 4...
Bc5 5. Bg2 a6 6. Nxe5 (6. d3 d6 (6... g6 7. O-O O-O 8. h3 Ne8 9. Nh4 {
1-0 Glek,I-Taeger,W/Bad Wiessee 1999/EXT 2001 (27)}) 7. O-O O-O 8. Be3 h6 9. h3
Be6 10. d4 exd4 11. Nxd4 Bxd4 12. Bxd4 Nxd4 13. Qxd4 c5 14. Qe3 Re8 15. Rad1
Qc7 {1/2-1/2 Vorotnikov,V-Belozerov,A/Orel 1997/EXT 99 (41)}) 6... Nxe5 7. d4
Bxd4 (7... Bd6 8. dxe5 Bxe5 9. f4 Bxc3+ 10. bxc3 Qe7 11. e5 d6 12. Ba3 {
1-0 Glek,I-Aagaard,J/Copenhagen 1996/CBM 54 (20)}) 8. Qxd4 d6 9. f4 Nc6 10. Qd2
(10. Qf2 O-O 11. O-O Ng4 12. Qe2 f5 {
1/2-1/2 Laihonen,P-Pihlajasalo,A/FIN 1999/EXT 2001 (40)}) 10... O-O 11. O-O Re8
(11... Bd7 12. h3 Re8 13. b3 b5 14. Re1 b4 15. Nd1 Qe7 16. Nf2 {
1-0 Marinkovic,I-Semenov,A/Tivat 1995/EXT 2002 (38)}) (11... Ne8 12. b3 f5 13.
Bb2 Nf6 14. Rfe1 Be6 15. exf5 Bxf5 16. h3 h5 17. Nd5 {
1-0 Glek,I-Jonkman,H/Haarlem 1995/EXT 98 (22)}) 12. b3 Bd7 13. Bb2 Qb8 14. h3
Qa7+ 15. Kh2 Rad8 16. Rae1 $16 Bc8 $2 17. Nd5 Nxd5 18. exd5 Ne7 19. Qc3 f6 20.
Qxc7 Nf5 {Diagramm #} 21. Qc3 $2 (21. Re2 $1 $18 Ne3 22. Rfe1 Rd7 23. Qc3 Rde7
24. Bc1 Nf5 25. Rxe7 Nxe7 26. Rxe7) 21... Ne3 22. Rf3 Nxg2 23. Kxg2 Bf5 24.
Rfe3 Rxe3 25. Qxe3 Qxe3 26. Rxe3 Bxc2 (26... Bxc2 27. Re7 $14) 1/2-1/2

[Event "SMM Aufstiegskampf NLB Ost"]
[Site "Riehen"]
[Date "2002.10.20"]
[Round "?.5"]
[White "Gaertner, Guntram"]
[Black "Herbrechtsmeier, Christof"]
[Result "1-0"]
[WhiteElo "2354"]
[BlackElo "2310"]
[Annotator "Herbrechtsmeier,Christof"]
[PlyCount "59"]
[EventDate "2002.10.21"]
[WhiteTeam "Rössli Reinach"]
[BlackTeam "Riehen"]

1. d4 Nf6 2. c4 g6 3. Nc3 (3. f3 d5 4. cxd5 Nxd5 5. e4 Nb6 6. Nc3 Bg7 7. Be3
O-O 8. f4 {(A)}) 3... d5 4. cxd5 Nxd5 5. Bd2 {
'Krasenkow: 'A rare system but deeply analysed by Korchnoi.''} 5... Bg7 (5...
Nb6 $5) 6. e4 Nb6 7. Be3 O-O 8. f4 $5 {In dieser Zugfolge war mir der Zug 8.f4
nicht bekannt. In der (Standard-) Eroeffnungsuebersicht D85 ist das Abspiel
nicht aufgefuehrt (und wurde von mir daher bisher auch nicht beachtet...) Die
selbe Stellung wird allerdings haeufig ueber (A) erreicht und ist unter D70 zu
finden!} ({Bekannter ist} 8. Be2 Nc6 (8... f5) (8... e5) 9. Nf3 (9. d5 $5 Ne5
10. Bd4 f5 $5 $146 (10... c5) 11. f4 Ng4 {1-0 Chernuschevich,A-Herbrechtsmeier,
C/Frankreich, Ost 2000/[Herbrechtsmeier] (72) - bisher unveroeffentlicht}) (9.
h3 f5) 9... Bg4 (9... f5 $5) 10. d5 (10. e5 $5 {Korchnoi} 10... Nb4) 10... Bxf3
11. gxf3 (11. Bxf3 $5 Ne5 12. Be2 c6 13. Qb3) 11... Na5 (11... Ne5 12. Qb3 Qd7
$5 $146 (12... c6) 13. O-O-O Qh3 14. Rdg1 c6 {
1/2-1/2 Ivanov,M-Herbrechtsmeier,C/Germany 2000/CBM 75 ext (27)}) {Krasenkow:
his is one of the rare occasions when a knight is better placed at the edge of
the board than in the centre!} 12. Bd4 Qd6 (12... c5 $5 13. Bxg7 (13. Bxc5 Nac4
14. Bxc4 Nxc4 15. Qe2 Nxb2 16. Qxb2 Qc7 17. Bb4 (17. Qa3 Rfc8) 17... a5 $17 {
Atalik}) 13... Kxg7 14. Qc2 e5 {Black closes down the position. Now White
castles to the q-side and mutual pawn attacks start. However, the poor
position of the black a5 knight enables White to come first. Korchnoi nicely
underlines the drawbacks of Black's plan.} 15. Nd1 Nd7 16. Qc3 $1 $146 {
1-0 Kortschnoj,V-Polgar,J/Dos Hermanas 1999/CBM 71/[Krasenkow] (43) An
interesting novelty. White has two ideas: 17.f4 and 17.Bb5} (16. Ne3 c4 $1 {
Sokolov,I-Atalik,S/New York 1997/1/2-1/2(42)})) {
is the best option for Black in the present position.} 13. Bxg7 (13. Nb5 Qb4+
14. Qd2 Qxd2+ 15. Kxd2 c6 16. Bxg7 Kxg7 17. dxc6 Nxc6 18. Rhd1 f5 19. Ke1 Rac8
20. Nd4 Kf6 21. a4 a5 22. Nxc6 Rxc6 23. b4 axb4 24. Rdb1 {
Shabtai,R-Jansa,V/Gausdal Int/1995/1-0 (69)}) 13... Kxg7 14. f4 Qf6 (14... e5 {
is possible, too:} 15. fxe5 $6 (15. f5 $5) 15... Qxe5 {
0-1 Johannessen,L-Rytshagov,M/Troll Masters 2000 (25)}) 15. Qd2 c6 {
An attempt to avoid a draw after} (15... Nac4 16. Bxc4 Nxc4 17. Qe2 Nb6 18. Qe3
Nc4 19. Qe2 Nb6 20. Qe3 Nc4 21. Qe2 {
1/2-1/2 Sokolov,I-Shirov,A/FIDE WCh KO g/25+10 1999}) 16. dxc6 {
No doubt, Kasparov had analysed all the consequences of the more principal} (
16. e5 {Black has apparently no problems after} 16... Qh4) 16... Rfd8 $1 {
Black doesn't just recapture the pawn but continues his attack of the b2 and
f4 pawns. This is more activethan} (16... Nxc6 {
after which the white queen would be quite safe on e3.}) 17. Qe3 Nac4 {
0-1 Kortschnoj,V-Kasparov,G/Wijk aan Zee 2000/CBM 75/[Krasenkow] (54)}) 8...
Kh8 $6 {Da mir klar war, dass sich mein Gegner vorbereitet hatte, wollte ich
einen aussergewoehnlichen Zug finden. Jetzt geht auf ...f5/e5 der Zug ...Le6,
aber Weiss nimmt die "Einladung" natuerlich gern an} (8... f5 9. Qb3+ {
Das gefiel mir nicht} 9... Kh8 (9... e6 10. e5 Nc6 11. Nf3 a5 12. a3 Ne7 13.
Kf2 a4 14. Qa2 Ned5 15. Nxd5 Qxd5 16. Qxd5 Nxd5 {
1-0 Speelman,J-Gavrikov,V/London 1985/IZT (50)}) 10. e5 e6 11. a4 (11. Nf3 Nc6
12. h4 a5 13. h5 {1-0 Roedl,L-Helling,K/Bad Pyrmont 1933/EXT 2001 (38)}) 11...
a5 12. O-O-O Nc6 13. Be2 Nb4 14. Bf3 Bd7 15. h4 h5 {
1-0 Gruenberg,R-Schandorff,L/Copenhagen 1985/MCD (34)}) (8... Nc6 $142 9. d5 (
9. Nf3 Bg4 10. d5 Na5 11. Bd4 (11. h3 Bxf3 12. Qxf3 Nac4) 11... Bxf3 12. gxf3
e6 $1) 9... Na5 {Ich war mental nicht bereit, hierhin zu gehen - siehe meine
beiden bisherigen Partien!} (9... Nb8 10. a4 e5 11. fxe5 Bxe5 12. Nf3 Bg4 13.
Qd2 Bxf3 14. gxf3 c6 15. a5 Nc8 16. Bc4 Nd6 {
0-1 Gheorghiu,F-Ftacnik,L/Palma de Mallorca 1989/TD (60)}) 10. Bd4 (10. Nf3 Bg4
) 10... e5 (10... Bg4 11. Qd3 e5 12. fxe5 Nac4 13. Qg3 h5 14. Nf3 Qe7 15. O-O-O
(15. Bxc4 Nxc4 16. O-O c5 17. d6 Qd7 {
1/2-1/2 Banas,J-Ftacnik,L/Prague 1986/MCL (29)}) 15... Bxf3 16. gxf3 c5 17.
dxc6 bxc6 18. f4 Qb4 19. Qf2 Bh6 20. Bc5 {
1/2-1/2 Gheorghiu,F-Kortschnoj,V/Zuerich 1984/MCD (20)}) 11. Bxe5 (11. fxe5 c6)
11... Bxe5 12. fxe5 Re8 (12... Qh4+ 13. g3 Qe7 14. Qd4 Rd8 15. b4 Nac4 16. Nf3
(16. Bxc4 Qxb4 17. Nge2 Qxc4 18. O-O Qxd4+ 19. Nxd4 c6 20. e6 fxe6 21. Nxe6
Bxe6 22. dxe6 Rd3 {1/2-1/2 Moskalenko,V-Ftacnik,L/Belgrade 1988/CBM 10 (31)})
16... Bg4 17. Bxc4 Bxf3 18. O-O Qxb4 19. e6 fxe6 20. Rxf3 Qxc4 21. Qf6 exd5 22.
Qe6+ Kh8 23. Qf6+ Kg8 24. Qe6+ Kh8 {
1/2-1/2 Gheorghiu,F-Xu Jun/Timisoara 1987/EXT 97 (24)}) 13. b3 Qe7 14. Qd2 c6
15. Nf3 Bg4 16. Be2 Bxf3 17. Bxf3 cxd5 18. Nxd5 Nxd5 19. exd5 Qxe5+ 20. Kf2 b6
{0-1 Paehtz,T-Gauglitz,G/Halle 1987/CBM 05 (39)}) 9. h4 $1 {
ist natuerlich sehr stark} 9... h5 $2 {Unsensibel} (9... Nc6 $142 {
s. obige Anmerkung...} 10. d5 Na5 11. h5 c6 12. hxg6 fxg6 {
ist durchaus spielbar}) 10. f5 $1 e6 (10... Nc6 11. Nf3 $16) 11. fxg6 fxg6 12.
e5 Nd5 $2 (12... c5 13. Bd3 Qe8) 13. Bg5 $1 Nxc3 (13... Qe8 14. Nf3 c5 {
macht nicht wirklich Freude}) 14. bxc3 Qd5 15. Qc2 $18 Bd7 16. Nf3 Nc6 17. Bd3
$1 (17. Qxg6 Be8 {bietet geringe praktische Chancen}) 17... Rxf3 {Verzweiflung}
18. gxf3 Qxf3 19. Rg1 Nxe5 20. Be4 {Darauf hatte ich gehofft, um} 20... Ba4 $5
{spielen zu koennen - leider geht aber einfach} 21. dxe5 Bxe5 {
Wer will schon nach 21 Zuegen aufgeben?} 22. Bxf3 Bxc2 23. Kd2 Bf5 24. Rae1 Bh2
25. Rg2 Bd6 26. Be4 Bh3 27. Bf6+ Kh7 28. Rxg6 Rf8 29. Rg4+ Kh6 30. Bg7# 1-0

[Event "SMM Aufstiegskampf NLB Ost"]
[Site "Riehen"]
[Date "2002.10.20"]
[Round "?.6"]
[White "Ruefenacht, Matthias"]
[Black "Preiss, Martin"]
[Result "1-0"]
[WhiteElo "2381"]
[BlackElo "2286"]
[Annotator "Herbrechtsmeier,Christof"]
[PlyCount "73"]
[EventDate "2002.10.21"]
[WhiteTeam "Riehen"]
[BlackTeam "Rössli Reinach"]

1. e4 d6 2. d4 Nf6 3. Nd2 g6 4. Ngf3 Bg7 5. Bc4 O-O (5... Nxe4 6. Nxe4 (6.
Bxf7+ Kxf7 7. Nxe4 Rf8) 6... d5 $11) 6. Qe2 c6 7. O-O (7. Bb3 Bg4 8. e5 dxe5 9.
dxe5 Nd5 10. O-O Nd7 11. h3 Bf5 12. Re1 Qc7 13. Nf1 Rad8 {
1-0 Tal,M-Timman,J/Skopje 1972/EXT 2000 (20)}) 7... d5 (7... Nxe4 8. Bxf7+ Rxf7
9. Nxe4 h6 10. Ng3 Bg4 11. Qe4 Bxf3 12. gxf3 Kh7 13. h4 d5 14. Qd3 Qd6 {
1/2-1/2 Rosin,W-Buchal,S/Germany 1981/GER-chT (28)}) 8. Bb3 Bg4 9. c3 (9. e5
Ne8 10. h3 Bxf3 11. Nxf3 Nc7 12. Nh2 c5 13. c3 Nc6 14. Be3 {
1/2-1/2 Nikolic-Gurgenidze,B/Sochi 1968/EXT 99 (48)}) 9... dxe4 (9... Nbd7 10.
e5 Ne8 11. h3 Bxf3 12. Nxf3 Nc7 13. h4 {
1-0 Savon,V-Shamkovich,L/Leningrad 1971/URS-ch (37)}) (9... e6 10. e5 Nfd7 11.
h3 Bxf3 12. Nxf3 c5 13. h4 {1-0 Klinger,J-Schlosser,M/Austria 1993/TD (86)})
10. Nxe4 Nbd7 11. h3 Bxf3 12. Qxf3 Nxe4 13. Qxe4 Nf6 14. Qh4 $14 Qd7 15. Bh6 (
15. Bg5 $142) 15... Rfe8 16. Rfe1 (16. Rae1 $5) 16... Bxh6 17. Qxh6 Qd6 18. Re5
e6 19. Rae1 Rad8 20. R1e3 Qf8 21. Qh4 Nd5 22. Re1 Qg7 23. Qg3 Qf6 24. R1e4 Qg7
25. Re1 Qf6 $138 26. R5e4 b5 27. h4 h5 28. Bd1 Kh7 $6 29. Qh2 (29. Re5 $1 Ne7 (
29... Nf4 $2 30. R1e4) (29... Qf4 $2 30. Rxd5) 30. Bf3 $16 Kh6 (30... Nd5 $2
31. Bxh5) 31. Rc5 Rc8 32. Ree5 Nd5 33. Bxd5) 29... Kg7 30. Bf3 a6 {
noch 2 Minuten!} 31. Qg3 Rh8 32. Bd1 Rc8 33. Bb3 Rhe8 34. Qd3 Red8 35. Qg3 c5
36. dxc5 Rxc5 37. Re5 {ZUe} (37. Re5 Rcc8 $1 $11 38. Rxh5 $2 Nf4) 1-0